Historia del Arte Hispánico : (Record no. 8231)

000 -CABECERA
fixed length control field 00809nam a22002297a 4500
003 - IDENTIFICADOR DEL NÚMERO DE CONTROL
control field AR-CdUCM
008 - DATOS DE LONGITUD FIJA--INFORMACIÓN GENERAL
fixed length control field 190322b ||||| |||| 00| 0 spa d
020 ## - NÚMERO INTERNACIONAL ESTÁNDAR DEL LIBRO
ISBN 84-205-0734-2
040 ## - FUENTE DE LA CATALOGACIÓN
Agencia/entidad que catalogó originalmente la obra MUNICIPALIDAD PROVINCIAL DEL CUSCO
Entidad que transcribió la catalogación BIBLIOTECA MUNICIPAL DEL CUSCO
082 ## - NÚMERO DE LA CLASIFICACIÓN DECIMAL DEWEY
No. de Clasificación 709.46 /
Notacion interna Y29
100 ## - ENTRADA PRINCIPAL--NOMBRE DE PERSONA
Nombre Personal Buendía, Rogelio
245 ## - MENCIÓN DE TÍTULO
Título Historia del Arte Hispánico :
Resto del título II La edad media /
260 ## - PUBLICACIÓN, DISTRIBUCIÓN, ETC.
Lugar de publicación, distribución, etc. Madrid :
Nombre de la editorial, distribuidor, etc. Alhambra,
Fecha de publicación, distribución, etc. 1978.
300 ## - DESCRIPCIÓN FÍSICA
Nº de Páginas Extensión 593 paginas ;
Otros detalles físicos Ilustraciones,
Dimensiones 23 cm.
440 ## - MENCIÓN DE SERIE/PUNTO DE ACCESO ADICIONAL--TÍTULO
Título Historia del Arte Hispanico
9 (RLIN) 23153
505 ## - NOTA DE CONTENIDO CON FORMATO
Nota de contenido formateada Contenido :Crisis de la antigüedad y predominio musulmán --L a recuperación de Occidente --Los siglos del gótico /
650 ## - PUNTO DE ACCESO ADICIONAL DE MATERIA--TÉRMINO DE MATERIA
Descriptor Arte español
9 (RLIN) 1648
650 ## - PUNTO DE ACCESO ADICIONAL DE MATERIA--TÉRMINO DE MATERIA
Descriptor Historia
9 (RLIN) 43870
650 ## - PUNTO DE ACCESO ADICIONAL DE MATERIA--TÉRMINO DE MATERIA
Descriptor España
9 (RLIN) 176
942 ## - ELEMENTOS DE PUNTO DE ACCESO ADICIONAL (KOHA)
Fuente de clasificación
Tipo de item Libros-BMC
945 ## - PROCESAMIENTO DE INFORMACIÓN LOCAL (OCLC)
Catalogador rjall
Holdings
Estado de retiro (separado) Fuente de clasificación o esquema de estanterías Estado dañado Ubicación Sala donde se ubica Nombre de la colección Fecha de adquisición o compra Costo, precio normal en soles Signatura topográfica Código de Barras Última vez visto (Koha) Tipo de ítem (Koha)
No     Sala Artes Sala Artes Book Cart 2019-03-22 40.00 709.46 / Y29 / t.2 SA0000000478 2019-03-22 Libros-BMC
No     Sala Artes Sala Artes Book Cart 2019-03-22 40.00 709.46 / Y29 / t.2 / e.2 SA0000000479 2019-03-22 Libros-BMC

Powered by Koha